Detalles MARC
| 000 -CABECERA |
| Campo de control de longitud fija |
01451nam a22003497a 4500 |
| 003 - IDENTIFICADOR DEL NÚMERO DE CONTROL |
| Campo de control |
OSt |
| 005 - FECHA Y HORA DE LA ÚLTIMA TRANSACCIÓN |
| Campo de control |
20230418114350.0 |
| 007 - CAMPO FIJO DE DESCRIPCIÓN FÍSICA |
| Campo de control de longitud fija |
Texto |
| 008 - CÓDIGOS DE INFORMACIÓN DE LONGITUD FIJA |
| Campo de control de longitud fija |
140205b xxu||||| |||| 00| 0 eng d |
| 020 ## - NÚMERO INTERNACIONAL NORMALIZADO PARA LIBROS (ISBN) |
| Número Internacional Normalizado para Libros (ISBN) |
9789962896616 |
| 040 ## - FUENTE DE LA CATALOGACIÓN |
| Centro catalogador de origen |
BIESPA |
| Lengua de catalogación |
spa |
| Centro transcriptor |
BIESPA |
| 082 ## - NÚMERO DE LA CLASIFICACIÓN DECIMAL DEWEY |
| Número de edición |
21 |
| Número de clasificación |
174.3 |
| Número de documento |
Es82m |
| 110 ## - PUNTO DE ACCESO PRINCIPAL - NOMBRE DE ENTIDAD CORPORATIVA |
| Nombre de entidad corporativa o nombre de jurisdicción como elemento inicial |
Estudio Jurídico Araúz |
| 245 ## - MENCIÓN DE TÍTULO |
| Título |
Código de Etica y Responsabilidad Profesional del Abogado: |
| Resto del título |
Manual Conozca a su Cliente, |
| Mención de responsabilidad etc. |
Estudio Jurídico Araúz, |
| 260 ## - PUBLICATION, DISTRIBUTION, ETC. (IMPRINT) |
| Lugar de publicación distribución etc. |
Panamá: |
| Nombre del editor distribuidor etc. |
Centro de Capacitación y Adiestramiento, |
| Fecha de publicación distribución etc. |
2010. |
| 300 ## - DESCRIPCIÓN FÍSICA |
| Extensión |
40 páginas, |
| Dimensiones |
14 cm. |
| 336 ## - TIPO DE CONTENIDO |
| Fuente |
rdacontent |
| Término de tipo de contenido |
texto |
| Código de tipo de contenido |
txt |
| 337 ## - TIPO DE MEDIO |
| Fuente |
rdamedia |
| Nombre del tipo de medio |
no mediado |
| Código del tipo de medio |
n |
| 338 ## - TIPO DE SOPORTE |
| Fuente |
rdacarrier |
| Nombre del tipo de soporte |
volumen |
| Código del tipo de soporte |
nc |
| 440 ## - MENCIÓN DE SERIE/ASIENTO SECUNDARIO—TÍTULO [OBSOLETO] |
| Título |
Ejemplar 0943, Ubicación Ética. |
| 500 ## - NOTA GENERAL |
| Nota general |
Escrito en el idioma español. Primera edición, Es un código de gran apoyo al especialista en derecho, en las prestaciones de los servicios jurídicos. herramienta útil en el día a día de sus labores profesionales. |
| 650 ## - PUNTO DE ACCESO ADICIONAL DE MATERIA - TÉRMINO DE MATERIA |
| Fuente del encabezamiento o término |
Tesauros |
| Término de materia o nombre geográfico como elemento inicial |
Codigo de Etica |
| Subdivisión de materia general |
Abogado |
|
| Fuente del encabezamiento o término |
Tesauros |
| Término de materia o nombre geográfico como elemento inicial |
Derecho |
|
| Fuente del encabezamiento o término |
Tesauros |
| Término de materia o nombre geográfico como elemento inicial |
Etica Profesional |
| Subdivisión de materia general |
Responsabilidad |
|
| Fuente del encabezamiento o término |
Tesauros |
| Término de materia o nombre geográfico como elemento inicial |
Estudio Jurídico |
|
| Fuente del encabezamiento o término |
Tesauros |
| Término de materia o nombre geográfico como elemento inicial |
Delitos |
| Subdivisión de materia general |
Prevención |
|
| Fuente del encabezamiento o término |
Tesauros |
| Término de materia o nombre geográfico como elemento inicial |
Abogados |
| Subdivisión de materia general |
Etica Profesional |
| 700 ## - PUNTO DE ACCESO ADICIONAL - NOMBRE DE PERSONA |
| Nombre de persona |
Juan Carlos Araúz |
| Código de función |
Director |
| 856 ## - LOCALIZACIÓN Y ACCESO ELECTRÓNICOS |
| Identificador Uniforme del Recurso (URI) |
<a href="http://biespaext.procuraduria-admon.gob.pa/files/original/998ea840fded3d952c831b1ec6db8d8f.pdf">http://biespaext.procuraduria-admon.gob.pa/files/original/998ea840fded3d952c831b1ec6db8d8f.pdf</a> |
| 942 ## - ENTRADA PARA ELEMENTOS AGREGADOS (KOHA) |
| Fuente de clasificación o esquema de ordenación en estanterías |
Dewey Decimal Classification |
| Koha [por defecto] tipo de item |
Books |
| 990 ## - EQUIVALENCES OR CROSS-REFERENCES [LOCAL; CANADA] |
| Link information for 9XX fields |
emd. |